| 000 | 00404cam a2200169 4500 | ||
|---|---|---|---|
| 001 | D12945 | ||
| 008 | 090401t1912 xxu||||| |||| 00| 0 eng d | ||
| 035 | _a(Sirsi) u6780 | ||
| 041 | _aeng | ||
| 100 | _aHenderson, Richard | ||
| 245 | _aSurveying on farm and estate | ||
| 260 |
_bThe Country Gentlemen`s Association _c1912 |
||
| 350 | _a0 | ||
| 520 | _aShelf 182 | ||
| 942 | _n0 | ||
| 948 | _c04/03/1997 | ||
| 999 |
_c86349 _d86349 |
||